Hora de América y temas analíticos racionalistas: ensayos
Guardat en:
| Autor principal: | |
|---|---|
| Format: | Llibre |
| Idioma: | espanyol |
| Publicat: |
Buenos Aires
Industria Gráfica Argentina
1964
|
| Edició: | 2a. ed |
| Matèries: | |
| Etiquetes: |
Afegir etiqueta
Sense etiquetes, Sigues el primer a etiquetar aquest registre!
|
MARC
| LEADER | 00000nam a2200000 a 4500 | ||
|---|---|---|---|
| 001 | UCS2654 | ||
| 003 | CL-VaPUC | ||
| 008 | 970604e19640000AG |||||||||||||||||spa|d | ||
| 082 | 0 | 4 | |a 199.82 |b BAR |2 21 |
| 100 | 0 | |a Barrio, Inocencio |e author |9 388324 | |
| 245 | 1 | 0 | |a Hora de América y temas analíticos racionalistas: ensayos |
| 250 | |a 2a. ed | ||
| 300 | |a 158 p | ||
| 942 | |c BK | ||
| 945 | |d 19970604 00:00:00 |a paguirre | ||
| 260 | |a Buenos Aires |b Industria Gráfica Argentina |c 1964 | ||
| 650 | 0 | |a Filosofía |9 223554 | |
| 650 | 0 | |a Cultura |9 269059 | |
| 650 | 0 | |a Ensayos |9 268724 | |
| 650 | 7 | |a DESARROLLO MORAL |2 CL-VaPUC |9 310605 | |
| 650 | 0 | |a Ética |9 255099 | |
| 651 | 0 | |a América Latina |9 255027 | |
| 651 | 0 | |a Argentina |9 254888 | |
| 583 | |a last modification |c 19970604 00:00:00 |k Rodrigo Vera | ||
| 999 | |c 260596 |d 260594 | ||
| 952 | |0 0 |1 0 |4 0 |6 199_820000000000000_BAR_1964 |7 0 |8 A |9 286825 |a BIBDER |b BIBDER |d 2019-11-19 |i 1860860 |o 199.82 BAR 1964 |p 1860860 |r 2023-01-25 |w 2019-11-19 |y BK |k DER | ||